Le ordre Grec: essai sur le temple dorique
Guardat en:
| Autor principal: | |
|---|---|
| Format: | Llibre |
| Idioma: | francès |
| Publicat: |
París
Arthaud
1958
|
| Matèries: | |
| Etiquetes: |
Afegir etiqueta
Sense etiquetes, Sigues el primer a etiquetar aquest registre!
|
MARC
| LEADER | 00000nam a2200000 a 4500 | ||
|---|---|---|---|
| 001 | UCZ1220 | ||
| 003 | CL-VaPUC | ||
| 008 | 950817e19580000FR |||||||||||||||||fre|d | ||
| 082 | 0 | 4 | |a 722.8 |b CAL |2 21 |
| 100 | 0 | |a Cali, François |e author |9 344687 | |
| 245 | 1 | 3 | |a Le ordre Grec: essai sur le temple dorique |
| 300 | |a 219 p | ||
| 942 | |c BK | ||
| 945 | |d 19950817 00:00:00 |a aalvarez | ||
| 260 | |a París |b Arthaud |c 1958 | ||
| 650 | 0 | |a Arquitectura griega |9 314421 | |
| 650 | 0 | |a Esculturas |9 344688 | |
| 650 | 7 | |a DISEÑOS |2 CL-VaPUC |9 344689 | |
| 651 | 0 | |a Grecia |9 265314 | |
| 583 | |a last modification |c 19950817 00:00:00 |k Rodrigo Vera | ||
| 999 | |c 238007 |d 238005 | ||
| 952 | |0 0 |1 0 |4 0 |6 722_800000000000000_CAL_1958 |7 0 |8 A |9 247897 |a BIBARQ |b BIBARQ |d 2019-11-18 |i 3123995 |o 722.8 CAL 1958 |p 3123995 |r 2025-01-20 |w 2019-11-18 |y BK |k ARQ | ||